ISO 639-1 Language Codes - Statistics

General Stats
  • This quiz has been taken 184 times
  • The average score is 41 of 184
Answer Stats
Code Name % Correct
fr French
75%
de German
75%
it Italian
71%
ar Arabic
70%
en English
68%
ro Romanian
68%
ru Russian
68%
es Spanish
68%
zu Zulu
67%
uk Ukrainian
65%
pt Portuguese
63%
no Norwegian
62%
az Azerbaijani
60%
ja Japanese
60%
af Afrikaans
59%
da Danish
59%
fi Finnish
56%
hu Hungarian
56%
sv Swedish
56%
th Thai
56%
xh Xhosa
56%
lv Latvian
54%
uz Uzbek
54%
nl Dutch
52%
lt Lithuanian
52%
pl Polish
52%
ko Korean
51%
sk Slovak
51%
vi Vietnamese
51%
hr Croatian
46%
et Estonian
46%
hi Hindi
46%
sw Swahili
46%
te Telugu
46%
bg Bulgarian
44%
zh Chinese
44%
is Icelandic
44%
sl Slovenian
44%
jv Javanese
43%
ur Urdu
43%
cs Czech
41%
ta Tamil
40%
tr Turkish
40%
fj Fijian
38%
ca Catalan
37%
qu Quechua
37%
bs Bosnian
35%
el Greek
35%
sr Serbian
35%
be Belarusian
32%
gu Gujarati
32%
he Hebrew
32%
kn Kannada
32%
ml Malayalam
30%
oc Occitan
30%
eo Esperanto
29%
ms Malay
29%
cy Welsh
29%
yo Yoruba
29%
bn Bengali
27%
id Indonesian
25%
mk Macedonian
25%
so Somali
25%
am Amharic
24%
ay Aymara
24%
eu Basque
24%
dz Dzongkha
24%
ig Igbo
24%
kk Kazakh
24%
rw Kinyarwanda
24%
mr Marathi
24%
mn Mongolian
24%
pa Punjabi
24%
aa Afar
22%
la Latin
22%
ne Nepali
22%
as Assamese
21%
km Khmer
21%
ky Kyrgyz
21%
ps Pashto
21%
gl Galician
19%
ht Haitian
19%
mt Maltese
19%
tl Tagalog
19%
my Burmese
17%
ka Georgian
17%
gn Guarani
17%
ga Irish
17%
sq Albanian
16%
hy Armenian
16%
fo Faroese
16%
lb Luxembourgish
16%
mg Malagasy
16%
or Oriya
16%
om Oromo
16%
tk Turkmen
16%
ug Uyghur
16%
wo Wolof
16%
yi Yiddish
16%
fy Frisian
14%
lo Lao
14%
fa Persian
14%
rm Romansh
14%
tw Twi
14%
ab Abkhazian
13%
os Ossetian
13%
si Sinhalese
13%
ku Kurdish
11%
na Nauruan
11%
st Sotho
11%
ak Akan
10%
ba Bashkir
10%
ha Hausa
10%
io Ido
10%
oj Ojibwe
10%
sm Samoan
10%
tg Tajik
10%
tt Tatar
10%
to Tongan
10%
bi Bislama
8%
dv Maldivian
8%
gd Scottish
8%
sn Shona
8%
ts Tsonga
8%
vo Volapük
8%
bm Bambara
6%
ee Ewe
6%
ks Kashmiri
6%
li Limburgish
6%
ln Lingala
6%
mh Marshallese
6%
nn Nynorsk Norwegian
6%
ti Tigrinya
6%
ve Venda
6%
av Avaric
5%
nb Bokmål Norwegian
5%
br Breton
5%
ch Chamorro
5%
ce Chechen
5%
ff Fulah
5%
ia Interlingua
5%
ki Kikuyu
5%
mi Maori
5%
su Sundanese
5%
bh Bihari
3%
cv Chuvash
3%
co Corsican
3%
cr Cree
3%
gv Manx
3%
ie Occidental
3%
sd Sindhi
3%
wa Walloon
3%
an Aragonese
2%
ae Avestan
2%
kw Cornish
2%
kl Greenlandic
2%
hz Herero
2%
iu Inuktitut
2%
kr Kanuri
2%
kv Komi
2%
kg Kongo
2%
lu Luba-Katanga
2%
nv Navajo
2%
cu Old Church Slavonic
2%
pi Pali
2%
sg Sango
2%
sa Sanskrit
2%
ss Swazi
2%
ty Tahitian
2%
bo Tibetan
2%
tn Tswana
2%
za Zhuang
2%
ny Chewa
0%
lg Ganda
0%
ho Hiri Motu
0%
ik Inupiaq
0%
kj Kwanyama
0%
ng Ndonga
0%
nd Northern Ndebele
0%
ii Nuosu
0%
rn Rundi
0%
se Sami
0%
sc Sardinian
0%
nr Southern Ndebele
0%
No matching quizzes found
Score Distribution
Percent of People with Each Score
Percentile by Number Answered
Your Score History
You have not taken this quiz